[Event "Tilburg"]
[Site "?"]
[Date "1993.??.??"]
[Round "?"]
[White "Epishin, V."]
[Black "Ivanchuk, V."]
[Result "1/2-1/2"]
[WhiteElo "2655"]
[BlackElo "2705"]
[PlyCount "125"]
[EventDate "1993.??.??"]
[Source "ChessBase"]
[SourceDate "1993.10.01"]

1. d4 e6 2. c4 Bb4+ 3. Bd2 Qe7 4. Nf3 Nf6 5. g3 Nc6 6. Nc3 Bxc3 7. Bxc3 Ne4 8. Rc1 d6 9. d5 Nxc3 10. Rxc3 Nd8 11. Bg2 O-O 12. dxe6 Nxe6 13. O-O Bd7 14. e4 Bc6 15. Re1 Rfe8 16. Rce3 a5 17. Nd2 Qf6 18. Qc1 a4 19. h4 h6 20. Nb1 Qd4 21. Rd1 Qc5 22. Qc3 f5 23. exf5 Qxf5 24. Rde1 Bxg2 25. Kxg2 Qf7 26. Na3 Nc5 27. Nb5 Rxe3 28. Rxe3 Qd7 29. Qd4 Rf8 30. Nc3 c6 31. Qd1 Qf5 32. Qe2 Kh7 33. h5 Rf7 34. f4 g5 35. hxg6+ Qxg6 36. Re7 Rxe7 37. Qxe7+ Kg8 38. Qe2 Kf7 39. Kh3 Qf5+ 40. Kh4 a3 41. Nd1 axb2 42. Qxb2 h5 43. Ne3 Qe4 44. Qe2 Qh1+ 45. Kg5 Ne4+ 46. Kh6 Qh3 47. Qxh5+ Qxh5+ 48. Kxh5 Nxg3+ 49. Kg4 Ne4 50. f5 Kf6 51. Kf4 Nf2 52. Ng4+ Nxg4 53. Kxg4 d5 54. cxd5 cxd5 55. Kf4 d4 56. Ke4 d3 57. Kxd3 Kxf5 58. Kc4 Ke6 59. Kb5 Kd7 60. Kb6 Kc8 61. Ka7 Kc7 62. a4 Kc8 63. Kb6 1/2-1/2

[Event "Active Chess Ch"]
[Site "?"]
[Date "1988.??.??"]
[Round "?"]
[White "Karpov, Anatoly"]
[Black "Seirawan, Yasser"]
[Result "1/2-1/2"]
[WhiteElo "2715"]
[BlackElo "2595"]
[PlyCount "100"]
[EventDate "1988.??.??"]
[Source "www.chesslib.no"]
[SourceDate "2004.05.04"]

1. d4 Nf6 2. c4 e6 3. Nf3 Bb4+ 4. Bd2 Qe7 5. g3 Nc6 6. Bg2 Bxd2+ 7. Nbxd2 d6 8. O-O O-O 9. e4 e5 10. d5 Nb8 11. b4 Bg4 12. Qb3 Bxf3 13. Bxf3 a5 14. bxa5 Ra7 15. Qc3 Nbd7 16. Nb3 Nc5 17. Rfe1 Rfa8 18. Bg2 b6 19. axb6 cxb6 20. Nxc5 bxc5 21. a3 h5 22. Reb1 Ra4 23. Rb6 Qd8 24. Rb5 Qc7 25. Qb3 Qa7 26. Rb7 Qa5 27. Rb8+ Kh7 28. Rxa8 Qxa8 29. Bf3 g6 30. Bd1 Ra7 31. Bc2 Nd7 32. a4 Nb8 33. Qb6 Ra6 34. Qc7 Qa7 35. Qxa7 Rxa7 36. Rb1 Nd7 37. f4 Kg7 38. Kf2 Kf6 39. Ke3 Ke7 40. Kd2 Kd8 41. Kc3 Kc7 42. Rf1 Ra8 43. h4 Kb6 44. f5 Rf8 45. Rb1+ Ka6 46. a5 Kxa5 47. Rb7 Rd8 48. Rc7 gxf5 49. exf5 e4 50. Bxe4 Ne5 1/2-1/2

[Event "Reggio Emilia"]
[Site "?"]
[Date "1991.??.??"]
[Round "?"]
[White "Polugaevsky, L."]
[Black "Beliavsky, A."]
[Result "1-0"]
[WhiteElo "2630"]
[BlackElo "2655"]
[PlyCount "83"]
[EventDate "1991.??.??"]
[Source "ChessBase"]
[SourceDate "1991.10.01"]

1. d4 Nf6 2. c4 e6 3. Nf3 Bb4+ 4. Bd2 Qe7 5. g3 Nc6 6. Nc3 Bxc3 7. Bxc3 Ne4 8. Rc1 d6 9. Bg2 O-O 10. O-O Nxc3 11. Rxc3 e5 12. d5 Nb8 13. Nd2 Nd7 14. e4 a5 15. Qe2 Nc5 16. f4 Bd7 17. f5 f6 18. b3 c6 19. h4 Rfb8 20. a4 Be8 21. dxc6 bxc6 22. g4 Rb4 23. Rff3 Qa7 24. Rfe3 Kf8 25. g5 Ke7 26. Kh2 Kd8 27. Rg3 Qf7 28. Bf3 Rab8 29. Qe3 Kc7 30. Bd1 R4b7 31. Qg1 Kb6 32. g6 Qg8 33. Rcd3 Rd7 34. b4 axb4 35. Nb3 Qxc4 36. gxh7 Bf7 37. a5+ Kc7 38. Nxc5 dxc5 39. Rxd7+ Kxd7 40. Rxg7 Kd6 41. Qg2 b3 42. Be2 1-0

[Event "PCA/Intel-GP"]
[Site "London"]
[Date "1995.??.??"]
[Round "2"]
[White "Piket, Jeroen"]
[Black "Adams, Michael"]
[Result "1-0"]
[WhiteElo "2625"]
[BlackElo "2660"]
[PlyCount "101"]
[EventDate "1995.08.??"]
[Source "ChessBase"]

1. d4 Nf6 2. c4 e6 3. Nf3 Bb4+ 4. Bd2 Qe7 5. g3 Nc6 6. Nc3 Bxc3 7. Bxc3 Ne4 8. Qc2 Nxc3 9. Qxc3 O-O 10. Bg2 d6 11. O-O e5 12. d5 Nb8 13. e4 c5 14. Ne1 Na6 15. Nd3 Bd7 16. f4 f6 17. a4 b6 18. Kh1 Nc7 19. f5 g6 20. g4 Qg7 21. Rf3 gxf5 22. gxf5 Kh8 23. Qd2 Rg8 24. Rg3 Qf7 25. Bf3 Rxg3 26. hxg3 Rg8 27. Kg2 Rg5 28. Nf2 Be8 29. Nh3 Rg8 30. Kf2 Na6 31. b3 Nb4 32. Rh1 a6 33. g4 Qg7 34. Be2 Bd7 35. Ng1 b5 36. cxb5 axb5 37. axb5 Rb8 38. Nf3 Ra8 39. b6 Bc8 40. g5 Ra2 41. gxf6 Qxf6 42. Qg5 Qf8 43. Qg6 Qg7 44. Ng5 Qxg6 45. fxg6 h6 46. Ne6 Bxe6 47. dxe6 Ra8 48. Bb5 Rf8+ 49. Kg3 Rf6 50. e7 Rxg6+ 51. Kh4 1-0

[Event "Zonal"]
[Site "Biel Zt"]
[Date "1993.??.??"]
[Round "12"]
[White "Khalifman, Alexander V"]
[Black "Adams, Michael"]
[Result "1/2-1/2"]
[WhiteElo "2630"]
[BlackElo "2630"]
[PlyCount "34"]
[EventDate "1993.??.??"]
[Source "www.chesslib.no"]
[SourceDate "2004.05.04"]

1. d4 Nf6 2. Nf3 e6 3. c4 Bb4+ 4. Bd2 Qe7 5. g3 Nc6 6. Nc3 Bxc3 7. Bxc3 Ne4 8. Qc2 Nxc3 9. Qxc3 Qb4 10. Qxb4 Nxb4 11. Kd2 d6 12. Bg2 Ke7 13. Ne1 c5 14. dxc5 dxc5 15. a3 Nc6 16. Bxc6 bxc6 17. Nd3 Kd6 1/2-1/2

[Event "Biel GM"]
[Site "Biel"]
[Date "2002.07.31"]
[Round "9"]
[White "Tkachiev, Vladislav"]
[Black "Kortschnoj, Viktor"]
[Result "1-0"]
[WhiteElo "2625"]
[BlackElo "2626"]
[PlyCount "59"]
[EventDate "2002.07.22"]
[Source "ChessBase"]
[SourceDate "2002.11.12"]

1. d4 Nf6 2. c4 e6 3. Nf3 Bb4+ 4. Bd2 Qe7 5. g3 Nc6 6. Nc3 Bxc3 7. Bxc3 Ne4 8. Rc1 O-O 9. Bg2 d6 10. d5 Nd8 11. O-O e5 12. Nd2 Nxc3 13. Rxc3 f5 14. c5 Nf7 15. Qb3 b6 16. cxd6 cxd6 17. Qa3 a5 18. Rfc1 Ba6 19. Rc7 Qf6 20. e3 e4 21. Nb3 Qe5 22. Nd4 Qxd5 23. f4 Nh6 24. R1c6 Rac8 25. Qc3 Rxc7 26. Rxc7 Rf7 27. Rc6 Qxa2 28. h3 Qb1+ 29. Kf2 Qd3 30. Qc1 1-0

[Event "Kettler Cup"]
[Site "Ceska Trebova"]
[Date "1996.??.??"]
[Round "1"]
[White "Ftacnik, Lubomir"]
[Black "Hracek, Zbynek"]
[Result "1/2-1/2"]
[WhiteElo "2610"]
[BlackElo "2625"]
[PlyCount "61"]
[EventDate "1996.11.??"]
[Source "ChessBase"]

1. d4 Nf6 2. Nf3 e6 3. c4 Bb4+ 4. Bd2 Qe7 5. g3 Nc6 6. Nc3 O-O 7. Bg2 Bxc3 8. Bxc3 Ne4 9. Rc1 d6 10. O-O Nxc3 11. Rxc3 e5 12. d5 Nb8 13. b4 a5 14. a3 Na6 15. Qb3 Bd7 16. Nd2 Rfb8 17. Rfc1 axb4 18. axb4 c5 19. dxc6 bxc6 20. b5 Nc5 21. Qd1 Rb6 22. Ne4 Nxe4 23. Bxe4 Rab8 24. bxc6 Bxc6 25. Qd3 Bxe4 26. Qxe4 Rc8 27. c5 dxc5 28. Rxc5 Rxc5 29. Qa8+ Qf8 30. Qxf8+ Kxf8 31. Rxc5 1/2-1/2

[Event "NED-ch"]
[Site "NED"]
[Date "1996.??.??"]
[Round "9"]
[White "Piket, Jeroen"]
[Black "Sokolov, Ivan"]
[Result "1/2-1/2"]
[WhiteElo "2570"]
[BlackElo "2665"]
[PlyCount "53"]
[EventDate "1996.06.??"]
[Source "ChessBase"]

1. d4 Nf6 2. c4 e6 3. Nf3 Bb4+ 4. Bd2 Qe7 5. g3 b6 6. Bg2 Bxd2+ 7. Qxd2 Bb7 8. O-O O-O 9. Nc3 d5 10. cxd5 exd5 11. Qf4 Na6 12. Rfd1 Rfe8 13. Rac1 c6 14. e3 Nc7 15. Qh4 h6 16. Ne5 c5 17. Ng4 Nxg4 18. Qxg4 c4 19. b3 b5 20. bxc4 bxc4 21. e4 dxe4 22. d5 Rad8 23. Bxe4 Nb5 24. Nxb5 Qxe4 25. Qxe4 Rxe4 26. Nc3 Re7 27. Rd4 1/2-1/2

[Event "Groningen"]
[Site "?"]
[Date "1993.??.??"]
[Round "?"]
[White "Tukmakov, V."]
[Black "Adams, M."]
[Result "1/2-1/2"]
[WhiteElo "2600"]
[BlackElo "2630"]
[PlyCount "96"]
[EventDate "1993.??.??"]
[Source "ChessBase"]
[SourceDate "1993.10.01"]

1. d4 Nf6 2. c4 e6 3. Nf3 Bb4+ 4. Bd2 Qe7 5. g3 Nc6 6. Nc3 Bxc3 7. Bxc3 Ne4 8. Rc1 O-O 9. Bg2 d6 10. d5 Nxc3 11. Rxc3 Nb8 12. dxe6 fxe6 13. Nd4 e5 14. Nc2 Nd7 15. b4 a5 16. a3 axb4 17. axb4 Nf6 18. O-O c6 19. e4 Be6 20. Ne3 Ra2 21. Rd3 Rfa8 22. Rxd6 Ne8 23. Rd2 Qxb4 24. Rxa2 Rxa2 25. Qh5 g6 26. Qxe5 Qd6 27. Qg5 Qd4 28. Qe7 Qd7 29. Qb4 Qf7 30. e5 Ng7 31. c5 h5 32. Qd4 Kh7 33. h4 Ne8 34. Be4 Nc7 35. Bc2 Nb5 36. Qd1 Kg7 37. f4 Ra3 38. Qd2 Qe7 39. f5 gxf5 40. Qf2 Nd4 41. Nxf5+ Nxf5 42. Bxf5 Bxf5 43. Qxf5 Rxg3+ 44. Kf2 Rg6 45. Ke2 Qxc5 46. Qf7+ Kh6 47. Qf4+ Kg7 48. Qf7+ Kh6 1/2-1/2

[Event "Wijk op"]
[Site "Wijk aan Zee"]
[Date "1993.??.??"]
[Round "8"]
[White "Lobron, Eric"]
[Black "Kortschnoj, Viktor"]
[Result "1-0"]
[WhiteElo "2620"]
[BlackElo "2605"]
[PlyCount "79"]
[EventDate "1993.01.??"]
[Source "ChessBase"]

1. d4 Nf6 2. c4 e6 3. Nf3 Bb4+ 4. Bd2 Qe7 5. g3 Nc6 6. Nc3 Bxc3 7. Bxc3 Ne4 8. Rc1 d6 9. d5 Nxc3 10. Rxc3 Nb8 11. Bg2 O-O 12. O-O e5 13. Nd2 f5 14. c5 dxc5 15. Qc1 Nd7 16. Nb3 e4 17. Nxc5 Nf6 18. f3 b6 19. Ne6 Bxe6 20. dxe6 c5 21. fxe4 fxe4 22. Bh3 Nd5 23. Rxf8+ Rxf8 24. Rc4 e3 25. Re4 g6 26. Qc4 Rd8 27. Bg2 Kg7 28. Bf3 Qd6 29. Qa6 Qe7 30. Re5 Nb4 31. Qa4 Rd2 32. Rxe3 c4 33. Qxb4 Qxb4 34. e7 Rd1+ 35. Kg2 Qe1 36. Kh3 Qf1+ 37. Bg2 Qf5+ 38. g4 Qf2 39. e8=Q Rg1 40. Qe7+ 1-0

[Event "Moscow ol (Men)"]
[Site "Moscow"]
[Date "1994.??.??"]
[Round "12"]
[White "Kortschnoj, Viktor"]
[Black "Loginov, Valery A"]
[Result "1/2-1/2"]
[WhiteElo "2615"]
[BlackElo "2610"]
[PlyCount "53"]
[EventDate "1994.11.??"]
[Source "ChessBase"]

1. d4 Nf6 2. c4 e6 3. Nf3 Bb4+ 4. Bd2 Qe7 5. g3 Nc6 6. Nc3 O-O 7. Bg2 Bxc3 8. Bxc3 Ne4 9. Rc1 d6 10. d5 Nd8 11. O-O e5 12. c5 f5 13. cxd6 cxd6 14. Bb4 Nf7 15. a4 b6 16. a5 Nc5 17. Ba3 Bd7 18. Nd2 Rfc8 19. b4 Ba4 20. Qe1 Nd7 21. Nb1 Nf6 22. Qd2 Bb5 23. Bb2 bxa5 24. bxa5 Rab8 25. Na3 Ba6 26. Rxc8+ Rxc8 27. Nc2 1/2-1/2

[Event "SUI-chT Mendrisio-Winterthur"]
[Site "Svizzera"]
[Date "2007.06.24"]
[Round "5.1"]
[White "Istratescu, Andrej"]
[Black "Jussupow, Artur"]
[Result "1/2-1/2"]
[WhiteElo "2616"]
[BlackElo "2607"]
[PlyCount "67"]
[EventDate "2007.02.25"]
[Source "www.chesslib.no"]
[SourceDate "2004.05.04"]

1. d4 Nf6 2. c4 e6 3. Nf3 Bb4+ 4. Bd2 Qe7 5. g3 Nc6 6. Bg2 Bxd2+ 7. Nbxd2 d6 8. O-O O-O 9. e4 e5 10. d5 Nb8 11. Ne1 a5 12. Nd3 Na6 13. Re1 Bg4 14. Bf3 Bxf3 15. Qxf3 Nd7 16. Qe2 Nb4 17. Nf1 f5 18. exf5 Rxf5 19. Ne3 Rf7 20. Ng2 Nxd3 21. Qxd3 Qg5 22. Qe3 Qg4 23. f4 Raf8 24. Qe2 Qh3 25. Rf1 Rf6 26. fxe5 Rxf1+ 27. Rxf1 Rxf1+ 28. Qxf1 Nxe5 29. Ne3 Qxf1+ 30. Kxf1 Nd3 31. Nd1 Kf7 32. b3 c6 33. dxc6 bxc6 34. Nc3 1/2-1/2

[Event "Magyarorszag"]
[Site "?"]
[Date "2000.??.??"]
[Round "?"]
[White "Portisch, L."]
[Black "Beliavsky, A."]
[Result "1/2-1/2"]
[WhiteElo "2570"]
[BlackElo "2650"]
[PlyCount "137"]
[EventDate "2000.??.??"]
[Source "Chess Informant"]
[SourceDate "2000.10.01"]

1. d4 Nf6 2. c4 e6 3. Nf3 Bb4+ 4. Bd2 Qe7 5. g3 Nc6 6. Nc3 Bxc3 7. Bxc3 Ne4 8. Rc1 O-O 9. Bg2 d6 10. d5 Nxc3 11. Rxc3 Nd8 12. Qc1 c5 13. dxc6 bxc6 14. O-O Bd7 15. Rb3 e5 16. Rd1 f5 17. Ne1 Nf7 18. Rb7 e4 19. Qe3 Rfb8 20. Rxb8+ Rxb8 21. b3 a5 22. Nc2 c5 23. Qc3 a4 24. Ne3 axb3 25. axb3 Be6 26. Ra1 Ne5 27. Ra6 Qd7 28. Qd2 Nf7 29. f3 exf3 30. Bxf3 Qd8 31. Qd1 Qf6 32. Nd5 Qe5 33. Qd3 Kf8 34. Nf4 Re8 35. Bc6 Rd8 36. Ra7 Nh6 37. Bd5 Bf7 38. Qf3 Re8 39. e4 Qd4+ 40. Kg2 Qd2+ 41. Qf2 Qxf2+ 42. Kxf2 fxe4 43. Ke2 g5 44. Bxf7 Nxf7 45. Nd5 Rb8 46. Nf6 Kg7 47. Nxe4 Kg6 48. Nd2 Re8+ 49. Kf2 Ne5 50. h3 h5 51. Ra6 Nd3+ 52. Kf3 Re6 53. Ra8 Ne1+ 54. Kf2 g4 55. hxg4 hxg4 56. Rg8+ Kf6 57. Rxg4 Nd3+ 58. Kg1 Re1+ 59. Nf1 Re2 60. Rh4 Rb2 61. Rh6+ Ke5 62. Nh2 Ke4 63. Rxd6 Rxb3 64. Re6+ Kd4 65. Nf3+ Kc3 66. Re2 Rb8 67. Nd2 Nb2 68. Ne4+ Kxc4 69. Nxc5 1/2-1/2

[Event "Lee Cup"]
[Site "Beijing"]
[Date "1996.??.??"]
[Round "9"]
[White "Ehlvest, Jaan"]
[Black "Ulibin, Mikhail"]
[Result "1/2-1/2"]
[WhiteElo "2660"]
[BlackElo "2550"]
[PlyCount "33"]
[EventDate "1996.08.??"]
[Source "ChessBase"]

1. d4 e6 2. Nf3 Nf6 3. c4 Bb4+ 4. Bd2 Qe7 5. g3 Nc6 6. Nc3 Bxc3 7. Bxc3 Ne4 8. Rc1 O-O 9. Bg2 d6 10. d5 Nxc3 11. Rxc3 Nd8 12. O-O e5 13. c5 dxc5 14. Qc2 e4 15. Nd2 f5 16. g4 b6 17. gxf5 1/2-1/2

[Event "Vlissingen HZ op"]
[Site "Vlissingen"]
[Date "1997.??.??"]
[Round "6"]
[White "Van Wely, Loek"]
[Black "Ikonnikov, Vyacheslav"]
[Result "1/2-1/2"]
[WhiteElo "2655"]
[BlackElo "2550"]
[PlyCount "47"]
[EventDate "1997.07.05"]
[Source "ChessBase"]
[SourceDate "1997.07.29"]

1. d4 Nf6 2. c4 e6 3. Nf3 Bb4+ 4. Bd2 Qe7 5. g3 Nc6 6. Nc3 Bxc3 7. Bxc3 Ne4 8. Qc2 Nxc3 9. Qxc3 Qb4 10. Qxb4 Nxb4 11. Kd2 d6 12. Bg2 Bd7 13. a3 Nc6 14. b4 Rb8 15. e3 Ke7 16. Rhc1 Rhc8 17. Rc3 Nd8 18. e4 b6 19. g4 c5 20. dxc5 dxc5 21. b5 Nb7 22. e5 Na5 23. Rac1 Rd8 24. Ke3 1/2-1/2

[Event "Linares Anibal op 8th"]
[Site "Linares"]
[Date "2001.01.14"]
[Round "7"]
[White "Najer, Evgeniy"]
[Black "Sturua, Zurab"]
[Result "1/2-1/2"]
[WhiteElo "2616"]
[BlackElo "2580"]
[PlyCount "72"]
[EventDate "2001.01.08"]
[Source "ChessBase"]
[SourceDate "2001.03.20"]

1. d4 Nf6 2. c4 e6 3. Nf3 Bb4+ 4. Bd2 Qe7 5. g3 Nc6 6. Nc3 Bxc3 7. Bxc3 Ne4 8. Rc1 d6 9. Bg2 O-O 10. d5 Nxc3 11. Rxc3 Nd8 12. O-O e5 13. c5 f5 14. Qc2 Nf7 15. cxd6 cxd6 16. Rc7 Qf6 17. Qc3 b6 18. Rc1 Ba6 19. e3 Rfc8 20. Rxc8+ Rxc8 21. Qxc8+ Bxc8 22. Rxc8+ Nd8 23. h4 h6 24. h5 Kf7 25. Nh4 Ke8 26. Bh3 Qf7 27. Nxf5 Qxd5 28. e4 Qd1+ 29. Kg2 Qd3 30. Nxg7+ Kf7 31. Rc7+ Kf8 32. Bf5 d5 33. Bg6 dxe4 34. Nf5 Qf3+ 35. Kg1 Qd1+ 36. Kg2 Qf3+ 1/2-1/2

[Event "Chalkidiki"]
[Site "?"]
[Date "1992.??.??"]
[Round "?"]
[White "Kramnik, Vladimir"]
[Black "Ulibin, M."]
[Result "1-0"]
[WhiteElo "2625"]
[BlackElo "2570"]
[PlyCount "97"]
[EventDate "1992.??.??"]
[Source "ChessBase"]
[SourceDate "1992.06.01"]

1. d4 e6 2. c4 Nf6 3. Nf3 Bb4+ 4. Bd2 Qe7 5. g3 Nc6 6. Nc3 O-O 7. Bg2 Bxc3 8. Bxc3 Ne4 9. Rc1 d6 10. d5 Nd8 11. dxe6 Nxe6 12. Bb4 Bd7 13. Ne5 N6c5 14. Nxd7 Nxd7 15. O-O a5 16. Ba3 Rfe8 17. b3 b6 18. Bb2 Rad8 19. Qd4 Qf6 20. Qxf6 Ndxf6 21. Rfd1 h6 22. e3 Nd7 23. Kf1 Re7 24. Ke2 Rde8 25. g4 Re6 26. h4 R6e7 27. Bf3 Ndc5 28. Rd5 Na6 29. a3 Nac5 30. b4 axb4 31. axb4 Na6 32. b5 Nac5 33. Ra1 Nf6 34. Rdd1 Nfe4 35. Ra7 Kf8 36. g5 hxg5 37. hxg5 Nxg5 38. Bc6 Rc8 39. Rh1 Kg8 40. Raa1 Nce6 41. Rh4 f6 42. Rg1 Kf7 43. Bd5 Ke8 44. Rh8+ Nf8 45. f4 Nge6 46. Kf3 f5 47. Rg6 Nc5 48. Bxg7 Rf7 49. Bxf8 1-0

[Event "Hracek-Ftacnik"]
[Site "Ostrava"]
[Date "1997.??.??"]
[Round "5"]
[White "Ftacnik, Lubomir"]
[Black "Hracek, Zbynek"]
[Result "1/2-1/2"]
[WhiteElo "2585"]
[BlackElo "2605"]
[PlyCount "48"]
[EventDate "1997.09.??"]
[Source "ChessBase"]
[SourceDate "1997.11.23"]

1. d4 Nf6 2. Nf3 e6 3. c4 Bb4+ 4. Bd2 Qe7 5. g3 Nc6 6. Nc3 Bxc3 7. Bxc3 Ne4 8. Rc1 O-O 9. Bg2 d6 10. d5 Nd8 11. Bb4 a5 12. Ba3 e5 13. Nd2 Nc5 14. O-O f5 15. f4 Nf7 16. Rc3 Bd7 17. b3 exf4 18. gxf4 Rae8 19. Bb2 Nh6 20. Rg3 Rf7 21. Bf3 Qh4 22. Qc2 Ne4 23. Rg2 b6 24. e3 Nf6 1/2-1/2

[Event "Chalkidiki"]
[Site "Chalkidiki"]
[Date "1992.??.??"]
[Round "?"]
[White "Akopian, Vladimir E"]
[Black "Ulibin, Mikhail"]
[Result "1-0"]
[WhiteElo "2605"]
[BlackElo "2585"]
[PlyCount "27"]
[EventDate "1992.09.??"]
[Source "www.chesslib.no"]
[SourceDate "2004.05.04"]

1. d4 Nf6 2. Nf3 e6 3. c4 Bb4+ 4. Bd2 Qe7 5. g3 Nc6 6. Nc3 O-O 7. Bg2 Bxc3 8. Bxc3 Ne4 9. Rc1 d6 10. d5 Nd8 11. dxe6 Nxe6 12. O-O Nxc3 13. Rxc3 Bd7 14. Re1 1-0

[Event "Minsk"]
[Site "Minsk"]
[Date "1982.??.??"]
[Round "?"]
[White "Dolmatov, Sergey"]
[Black "Balashov, Yuri S"]
[Result "1/2-1/2"]
[WhiteElo "2590"]
[BlackElo "2595"]
[PlyCount "62"]
[EventDate "1982.05.??"]
[Source "ChessBase"]

1. d4 Nf6 2. c4 e6 3. Nf3 Bb4+ 4. Bd2 Qe7 5. g3 Nc6 6. Bg2 Bxd2+ 7. Nbxd2 d6 8. e4 e5 9. d5 Nb8 10. b4 a5 11. a3 O-O 12. O-O Bg4 13. h3 Bxf3 14. Qxf3 Na6 15. Rab1 axb4 16. axb4 c5 17. dxc6 bxc6 18. Qc3 Rab8 19. Rb3 Nc7 20. Rfb1 Ne6 21. R3b2 h5 22. h4 Qa7 23. Nf1 Nd4 24. Ne3 Rfe8 25. Rd2 Qc7 26. Nc2 Ne6 27. Ra1 Ra8 28. Rdd1 Reb8 29. Qd3 Rxa1 30. Rxa1 Nd4 31. Nxd4 exd4 1/2-1/2

[Event "Tch-RUS (club) (1 liga)"]
[Site "Sochi"]
[Date "2004.04.24"]
[Round "5.2"]
[White "Tregubov, Pavel"]
[Black "Dyachkov, Sergej"]
[Result "0-1"]
[WhiteElo "2636"]
[BlackElo "2549"]
[PlyCount "94"]
[EventDate "2004.04.20"]
[Source "Roberto Alvarez"]
[SourceDate "2004.05.03"]

1. d4 Nf6 2. c4 e6 3. Nf3 Bb4+ 4. Bd2 Qe7 5. g3 Bxd2+ 6. Qxd2 O-O 7. Bg2 d5 8. O-O c6 9. Qc2 dxc4 10. Nbd2 b5 11. b3 cxb3 12. Nxb3 Bd7 13. Ne5 Rc8 14. Rfc1 Be8 15. Qd2 a6 16. Rc2 Ra7 17. Rac1 Rac7 18. Qa5 Qd6 19. Nd3 Nfd7 20. e4 e5 21. Nxe5 Nxe5 22. dxe5 Qxe5 23. Nc5 Rd8 24. Kh1 Qe7 25. e5 Rd4 26. Re1 Qd8 27. Rce2 Rc8 28. Qc3 Rc4 29. Qe3 Qb6 30. Rc1 Rd8 31. Bf3 Rxc1+ 32. Qxc1 Nd7 33. Nxd7 Bxd7 34. Kg2 Be6 35. Qxc6 Qxc6 36. Bxc6 Rd4 37. a3 Rd3 38. a4 b4 39. a5 g5 40. Re4 Rc3 41. Bb7 Rc7 42. Ba8 Rc8 43. Bb7 Rc7 44. Ba8 Rc8 45. Bb7 Rb8 46. Bc6 b3 47. Re1 Bf5 0-1

[Event "CRO-chT"]
[Site "Pula"]
[Date "2000.09.14"]
[Round "4"]
[White "Almasi, Zoltan"]
[Black "Hulak, Krunoslav"]
[Result "1/2-1/2"]
[WhiteElo "2668"]
[BlackElo "2510"]
[PlyCount "28"]
[EventDate "2000.09.??"]
[Source "www.chesslib.no"]
[SourceDate "2004.05.04"]

1. d4 Nf6 2. c4 e6 3. Nf3 Bb4+ 4. Bd2 Qe7 5. g3 Nc6 6. Nc3 O-O 7. Bg2 d6 8. O-O Bxc3 9. Bxc3 Ne4 10. Be1 f5 11. d5 Nd8 12. Nd2 Nf6 13. Rc1 e5 14. Rc3 Nf7 1/2-1/2

[Event "Benidorm"]
[Site "?"]
[Date "1993.??.??"]
[Round "?"]
[White "Chernin, A."]
[Black "Ulibin, M."]
[Result "1/2-1/2"]
[WhiteElo "2615"]
[BlackElo "2560"]
[PlyCount "61"]
[EventDate "1993.??.??"]
[Source "ChessBase"]
[SourceDate "1993.06.01"]

1. d4 e6 2. c4 Nf6 3. Nf3 Bb4+ 4. Bd2 Qe7 5. g3 Nc6 6. Nc3 O-O 7. Bg2 Bxc3 8. Bxc3 Ne4 9. Rc1 d6 10. d5 Nd8 11. dxe6 Nxe6 12. Bb4 Qf6 13. Qc2 N6c5 14. O-O Re8 15. Ba3 a5 16. b3 Qh6 17. Rcd1 Bh3 18. Bc1 Qh5 19. Rd5 Qg4 20. Nh4 Bxg2 21. Kxg2 Nf6 22. f3 Qe6 23. Rd2 b5 24. Nf5 bxc4 25. bxc4 Nfd7 26. Nd4 Qg6 27. Nb5 Qxc2 28. Rxc2 Ne6 29. e4 Reb8 30. Be3 Ne5 31. f4 1/2-1/2

[Event "FRA-chT1"]
[Site "Drancy"]
[Date "2002.02.03"]
[Round "3.2"]
[White "Lautier, Joel"]
[Black "Chabanon, Jean Luc"]
[Result "1/2-1/2"]
[WhiteElo "2687"]
[BlackElo "2483"]
[PlyCount "102"]
[EventDate "2002.02.??"]
[Source "ChessBase"]
[SourceDate "2002.03.14"]

1. d4 Nf6 2. c4 e6 3. Nf3 Bb4+ 4. Bd2 Qe7 5. g3 Nc6 6. Nc3 Bxc3 7. Bxc3 Ne4 8. Rc1 O-O 9. Bg2 d6 10. d5 Nxc3 11. Rxc3 Nd8 12. Qc2 c5 13. dxc6 Nxc6 14. O-O e5 15. e3 Be6 16. Rd1 Rac8 17. Ne1 Bg4 18. Rc1 g6 19. a3 Bf5 20. Qd1 e4 21. Qd5 Qe5 22. Rd1 Be6 23. Qxe4 Qxe4 24. Bxe4 Ne5 25. b3 b5 26. Rxd6 bxc4 27. bxc4 Nxc4 28. Rc6 Rxc6 29. Bxc6 Rb8 30. Nd3 Rb6 31. Nb4 a5 32. Nd5 Rb1+ 33. Kg2 Ne5 34. Ba8 Kg7 35. e4 a4 36. Bc6 Nxc6 37. Rxc6 Bxd5 38. exd5 Rb3 39. Rc4 Rxa3 40. Rd4 Kf8 41. d6 Ke8 42. Re4+ Kd7 43. Re7+ Kxd6 44. Rxf7 Kc5 45. Rxh7 Rd3 46. h4 a3 47. g4 Rd5 48. Ra7 Kb4 49. Kg3 Ra5 50. Rb7+ Kc3 51. Rc7+ Kd2 1/2-1/2

[Event "Chalkidiki"]
[Site "Chalkidiki"]
[Date "1992.??.??"]
[Round "4"]
[White "Akopian, Vladimir"]
[Black "Ulibin, Mikhail"]
[Result "1/2-1/2"]
[WhiteElo "2600"]
[BlackElo "2570"]
[PlyCount "40"]
[EventDate "1992.09.??"]
[Source "ChessBase"]

1. d4 e6 2. c4 Nf6 3. Nf3 Bb4+ 4. Bd2 Qe7 5. g3 Nc6 6. Nc3 O-O 7. Bg2 Bxc3 8. Bxc3 Ne4 9. Rc1 d6 10. d5 Nd8 11. dxe6 Nxe6 12. O-O Nxc3 13. Rxc3 Bd7 14. Nd2 Bc6 15. Bxc6 bxc6 16. Ra3 Rfb8 17. Nb3 Qf6 18. Qd2 a5 19. Ra4 c5 20. Rb1 Nd4 1/2-1/2

[Event "CRO-chT"]
[Site "Pula"]
[Date "2001.09.15"]
[Round "6"]
[White "Gyimesi, Zoltan"]
[Black "Hulak, Krunoslav"]
[Result "1-0"]
[WhiteElo "2602"]
[BlackElo "2566"]
[PlyCount "69"]
[EventDate "2001.09.10"]
[Source "ChessBase"]
[SourceDate "2001.10.26"]

1. d4 Nf6 2. c4 e6 3. Nf3 Bb4+ 4. Bd2 Qe7 5. g3 Nc6 6. Nc3 Bxc3 7. Bxc3 Ne4 8. Rc1 O-O 9. Bg2 d6 10. d5 Nd8 11. Nd2 Nxc3 12. Rxc3 e5 13. c5 f5 14. cxd6 cxd6 15. Qc2 Nf7 16. Rc7 Qf6 17. Qc3 f4 18. O-O h5 19. e3 Qh6 20. exf4 exf4 21. Re1 h4 22. Ree7 Bf5 23. gxf4 h3 24. Bf3 Qxf4 25. Qe3 Qh4 26. Nf1 Rac8 27. Rxb7 a5 28. Ng3 Qf6 29. Bh5 g6 30. Be2 Rc2 31. Bf1 Bc8 32. Ra7 Rxb2 33. Ne4 Qh8 34. Rxf7 Rxf7 35. Rxf7 1-0

[Event "Campionato europeo 2007"]
[Site "Dresda GER"]
[Date "2007.04.13"]
[Round "10.27"]
[White "Riazantsev, Alexander"]
[Black "Kuzubov, Yuriy"]
[Result "1/2-1/2"]
[WhiteElo "2621"]
[BlackElo "2545"]
[PlyCount "49"]
[EventDate "2007.04.03"]
[Source "www.chesslib.no"]
[SourceDate "2004.05.04"]

1. d4 Nf6 2. c4 e6 3. Nf3 Bb4+ 4. Bd2 Qe7 5. g3 Nc6 6. Nc3 Bxc3 7. Bxc3 Ne4 8. Rc1 d6 9. Bg2 O-O 10. O-O Nxc3 11. Rxc3 e5 12. d5 Nb8 13. Nd2 Nd7 14. b4 f5 15. c5 e4 16. cxd6 Qxd6 17. Qb3 Nf6 18. Rd1 Kh8 19. Nc4 Qe7 20. b5 Rd8 21. Ne3 Ne8 22. a4 Qf6 23. f3 exf3 24. Bxf3 a6 25. Nc4 1/2-1/2

[Event "Jugoslavija"]
[Site "?"]
[Date "1994.??.??"]
[Round "?"]
[White "Skembris, S."]
[Black "Beliavsky, A."]
[Result "0-1"]
[WhiteElo "2525"]
[BlackElo "2640"]
[PlyCount "70"]
[EventDate "1994.??.??"]
[Source "ChessBase"]
[SourceDate "1994.06.01"]

1. d4 Nf6 2. c4 e6 3. Nf3 Bb4+ 4. Bd2 Qe7 5. g3 Nc6 6. Bg2 Bxd2+ 7. Nbxd2 d6 8. O-O a5 9. e4 e5 10. d5 Nb8 11. Ne1 O-O 12. Nd3 Na6 13. a3 Bg4 14. f3 Bd7 15. b4 c6 16. Qb3 cxd5 17. cxd5 axb4 18. axb4 Nc7 19. Qb2 Bb5 20. Ra3 Rxa3 21. Qxa3 Ba6 22. Rc1 Nb5 23. Qa5 Nd4 24. Bf1 Nh5 25. Nf2 Be2 26. Rc3 Qg5 27. Qa2 f5 28. exf5 Qxf5 29. Bg2 Nf6 30. Rc7 Bxf3 31. Rxb7 Ng4 32. Nxg4 Bxg4 33. Nf1 Ne2+ 34. Kh1 Bf3 35. Nd2 Nxg3+ 0-1